000 00520nam a2200181 i 4500
001 54918
003 ES-MaACL
005 20230906163040.0
007 t|
008 040128s18801890fr ||||1| fre d
100 1 _aGandy, Paul.
_953848
245 1 0 _aBagnères-thermal /
_c[Dr. Gandy].
260 _a[S.l. :
_bs.n.,
_c188-?]
300 _a48 p. ;
_c14 cm.
500 _aFalto de portada, título tomado de principio del texto.
650 4 _aBalnearios-
_zBagnères-de-Bigorre.
_9135663
852 _aES-MaACL
_jT-483-F-8
999 _c54918
_d54918